AFL Mark of the Year Winners - Statistics

General Stats
  • This quiz has been taken 99 times
    10 since last reset
  • The average score is 10 of 56
Answer Stats
Year Club Answer % Correct
2024 Collingwood Bobby Hill
78%
2012 Melbourne Jeremy Howe
67%
2025 Western Bulldogs Sam Darcy
67%
2013 Collingwood Jamie Elliott
56%
2017 Essendon Joe Daniher
44%
2019 West Coast Liam Ryan
44%
2020 Carlton Sam Walsh
44%
2021 Richmond Shai Bolton
44%
1993 Adelaide Tony Modra
44%
1997 Adelaide Tony Modra
44%
2000 Fremantle Tony Modra
44%
1970 Carlton Alex Jesaulenko
33%
2001 Essendon Gary Moorcroft
33%
2023 GWS Harry Himmelberg
33%
2022 Port Adelaide Mitch Georgiades
33%
2015 West Coast Nic Naitanui
33%
2014 Port Adelaide Chad Wingard
22%
1985 Geelong Gary Ablett Sr
22%
1994 Geelong Gary Ablett Sr
22%
2018 Sydney Isaac Heeney
22%
2008 Essendon Matthew Lloyd
22%
2004 West Coast Ashley Sampi
11%
1974 Collingwood Billy Picken
11%
1976 Collingwood Billy Picken
11%
1980 South Melbourne Graham Teasdale
11%
2010 Melbourne Liam Jurrah
11%
2016 North Melbourne Majak Daw
11%
1990 Richmond Michael Mitchell
11%
2007 Melbourne Michael Newton
11%
1979 Richmond Michael Roach
11%
1972 Hawthorn Peter Knights
11%
1975 Hawthorn Peter Knights
11%
1977 Hawthorn Peter Knights
11%
1988 Carlton Stephen Silvagni
11%
1973 Collingwood Alan Atkinson
0%
1986 Essendon Alan Ezard
0%
1989 Fitzroy Alastair Lynch
0%
1971 Fitzroy Alex Ruscuklic
0%
2011 Collingwood Andrew Krakouer
0%
1996 Adelaide Ben Hart
0%
2006 Geelong Brad Ottens
0%
1991 North Melbourne Brett Allison
0%
2009 Adelaide Brett Burton
0%
2003 Collingwood Chris Tarrant
0%
1984 Collingwood Denis Banks
0%
1982 Richmond Geoff Raines
0%
2002 Brisbane Jonathan Brown
0%
1983 Carlton Ken Hunter
0%
2005 Fremantle Luke McPharlin
0%
1999 Carlton Matthew Lappin
0%
1992 St Kilda Nicky Winmar
0%
1981 Carlton Peter Bosustow
0%
1978 North Melbourne Phil Baker
0%
1995 Melbourne Shaun Smith
0%
1987 Sydney Warwick Capper
0%
1998 North Melbourne Winston Abraham
0%
No matching quizzes found
Score Distribution
Percent of People with Each Score
Percentile by Number Answered
Your Score History
You have not taken this quiz since the last reset